000 00298nam a22001337a 4500
008 171023b xxu||||| |||| 00| 0 eng d
020 _a0070241147
041 _aeng
080 _25TH
_a311
100 _a55
101 _aSTA
245 _aSTATISTICAL QUALITY CONTROL
_cGRANT,E.L
942 _2udc
_cBK
999 _c35509
_d35509